Guess the Celebrity by Emoji Portraits - Statistics

General Stats
  • This quiz has been taken 168 times
  • The average score is 13 of 16
Answer Stats
Picture Answer % Correct
Taylor Swift
99%
Justin Bieber
94%
Ariana Grande
92%
Will Smith
92%
Elon Musk
91%
Drake
90%
Billie Eilish
87%
Olivia Rodrigo
84%
Kanye West
81%
Miley Cyrus
79%
Cardi B
70%
Kim Kardashian
70%
Jay-Z
66%
Nicki Minaj
66%
David Bowie
63%
Kendrick Lamar
54%
No matching quizzes found
Score Distribution
Percent of People with Each Score
Percentile by Number Answered
Your Score History
You have not taken this quiz